000 00316nam a2200133Ia 4500
005 20260328104318.0
008 260328s9999||||xx |||||||||||||| ||und||
100 _aMassey, Carole
245 0 _aFlowers in Acrylics /
_cCarole Massey
260 _bSearch Press
300 _a48 p.
650 _aDIBUJO
942 _cBK
999 _c11256
_d11256